Los intereses geopolíticos y el desarrollo de la zona nor-atlántica costarricense /
Gardado en:
| Autor Principal: | |
|---|---|
| Outros autores: | |
| Formato: | Texto |
| Idioma: | Spanish |
| Publicado: |
San José :
1984
|
| Materias: | |
| Etiquetas: |
Engadir etiqueta
Sen Etiquetas, Sexa o primeiro en etiquetar este rexistro!
|
MARC
| LEADER | 00000 a a2200000 04500 | ||
|---|---|---|---|
| 001 | 14098 | ||
| 003 | cru CRAI/IIS | ||
| 005 | 20210601153907.0 | ||
| 008 | 210518b |||||||| |||| 00| 0 spa d | ||
| 040 | |c cru CRAI/IIS | ||
| 090 | |a 09.01.02 G748i | ||
| 100 | 1 | |a Granados, Carlos | |
| 245 | 1 | 4 | |a Los intereses geopolíticos y el desarrollo de la zona nor-atlántica costarricense / |c Carlos Granados |
| 260 | |a San José : |c 1984 | ||
| 300 | |a 1; 36 p. | ||
| 500 | |a Colección Centroamérica | ||
| 650 | |a REGION HUETAR ATLANTICA, CR | ||
| 650 | |a GEOGRAFIA POLITICA | ||
| 700 | |a Quezada, Liliana | ||
| 942 | |2 ddc |c LI | ||
| 999 | |c 12241 |d 12241 | ||
